000 00552nam a2200121Ia 4500
008 220615s9999||||xx |||||||||||||| ||und||
100 _aGreen, Paul
245 0 _aPaul Green's Wordbook
_bAn Alphabet of Reminiscence
546 _aEnglish[eng]
650 _aSocial Science||Regional Studies
856 _uhttps://library.oapen.org/bitstream/20.500.12657/47637/1/external_content.pdf||https://library.oapen.org/bitstream/20.500.12657/47637/1/external_content.pdf||https://library.oapen.org/bitstream/20.500.12657/47637/1/external_content.pdf
942 _cEB
999 _c16549
_d16549